| 000 | 00508nam a22001817a 4500 | ||
|---|---|---|---|
| 003 | CEME | ||
| 005 | 20210628205222.0 | ||
| 008 | 210208b xxu||||| |||| 00| 0 eng d | ||
| 020 | _a81-203-1139-6 | ||
| 040 | _c. | ||
| 082 | _a519.3 PAP | ||
| 100 |
_aSteiglitz, Kenneth Papadimitriou, C. H _974448 |
||
| 245 | _aCombinatorial optimization algorithms and complexity | ||
| 260 |
_aNEWDELHI _bPRENTICE HALL _c1997 |
||
| 300 | _aXIII, 496P | ||
| 650 |
_aCOMBINATORIAL OPTIMIZATION _910548 |
||
| 942 |
_cBK _2ddc |
||
| 999 |
_c579975 _d579975 |
||